Výroční zpráva slovanského státního reálného gymnasia v Olomouci za školní rok 1947 - 1948 ( 81. rok trvání ústavu )
| Format: | Serial |
|---|---|
| Language: | English |
| Published: |
Olomouc
Slovanské státní národní gymnasium
|
MARC
| LEADER | 00000nas a2200000 a 4500 | ||
|---|---|---|---|
| 001 | vtls001519011 | ||
| 003 | SK-MaSNL | ||
| 005 | 20260221120816.0 | ||
| 008 | 050310c mr1 0 0eng d | ||
| 040 | |a SNK |b slo |c SNK | ||
| 245 | 1 | 0 | |a Výroční zpráva slovanského státního reálného gymnasia v Olomouci za školní rok 1947 - 1948 ( 81. rok trvání ústavu ) |
| 260 | |a Olomouc |b Slovanské státní národní gymnasium | ||
| 999 | |c 6597 |d 8527 | ||
| 952 | |0 0 |1 1 |3 rekatalogizácia |4 0 |7 0 |a SNK |b SNK |d 2005-03-10 |i snkD 620/81 |l 0 |o snkČD 1536/(81)/1947-48 |p 17A0459927 |r 2026-02-21 21:20:30 |w 2026-02-21 |y VYP | ||


